LEADER 01179cam0-22004091i-450- 001 990002899840403321 005 20050411101044.0 010 $a88-7750-413-7 035 $a000289984 035 $aFED01000289984 035 $a(Aleph)000289984FED01 035 $a000289984 100 $a20030910d1999----km-y0itay50------ba 101 0 $aita 102 $aIT 200 1 $a<>campionamento da popolazioni finite$emetodi e applicazioni$fBenito V. Frosini, Mario Montinaro, Giovanna Nicolini 205 $aNuova ed. 210 $aTorino$cUtet$d1999 215 $aXVIII, 372 p.$d24 cm 225 1 $aScienze statistiche 610 0 $aStatistica$aCampionamento 676 $a519.52$v21$zita 676 $a001.4 700 1$aFrosini,$bBenito V.$075801 701 1$aMontinaro,$bMario$0374437 701 1$aNicolini,$bGiovanna$0117705 801 0$aIT$bUNINA$gRICA$2UNIMARC 901 $aBK 912 $a990002899840403321 952 $a519.52 FRO 1$b1026$fBFS 952 $aXV-B-36$b6897$fMAS 952 $aVI E 1180$b41573$fFSPBC 959 $aBFS 959 $aMAS 959 $aFSPBC 996 $aCampionamento da popolazioni finite$9466648 997 $aUNINA LEADER 00868nam a2200241 i 4500 001 991000972529707536 005 20020502181828.0 008 950420s1985 it ||| | ita 020 $a8815009345 035 $ab11445191-39ule_inst 035 $aPRUMB52545$9ExL 040 $aDip. SSSC - Sociologia$bita 100 1 $aSimon, Herbert A.$0458148 245 10$aCausalità, razionalità, organizzazione /$cHerbert A. Simon 260 $aBologna :$bSocietà Editrice Il Mulino,$c1985 300 $a404 p. ;$c21 cm. 650 4$aEconomia$xSaggi 907 $a.b11445191$b02-04-14$c01-07-02 912 $a991000972529707536 945 $aLE021 NLA9$g1$i2021000154720$lle021$o-$pE0.00$q-$rl$s- $t0$u1$v0$w1$x0$y.i11630619$z01-07-02 996 $aCausalità, razionalità, organizzazione$9819331 997 $aUNISALENTO 998 $ale021$b01-01-95$cm$da $e-$fita$git $h0$i1